Sổ tay điều tra phân loại đánh giá đất
Gorde:
| Egile nagusia: | |
|---|---|
| Formatua: | Liburua |
| Hizkuntza: | Undetermined |
| Argitaratua: |
Hà Nội
Nông Nghiệp
1999
|
| Gaiak: | |
| Etiketak: |
Etiketa erantsi
Etiketarik gabe, Izan zaitez lehena erregistro honi etiketa jartzen!
|
| Thư viện lưu trữ: | Trung tâm Học liệu Trường Đại học Cần Thơ |
|---|
| LEADER | 00521nam a2200169Ia 4500 | ||
|---|---|---|---|
| 001 | CTU_45523 | ||
| 008 | 210402s9999 xx 000 0 und d | ||
| 082 | |a 631.4 | ||
| 082 | |b Ch309 | ||
| 100 | |a Tôn, Thất Chiểu | ||
| 245 | 0 | |a Sổ tay điều tra phân loại đánh giá đất | |
| 245 | 0 | |c Tôn Thất Chiểu, Phạm Thúy Lan | |
| 260 | |a Hà Nội | ||
| 260 | |b Nông Nghiệp | ||
| 260 | |c 1999 | ||
| 650 | |a soil science | ||
| 980 | |a Trung tâm Học liệu Trường Đại học Cần Thơ | ||